000
00352 a2200169 4500
001
188084
020
_a
978-85-7596-103-2
040
_c
Magnum
100
_a
Lalau
240
1
0
_a
Boniteza silvestre
_l
por
245
1
0
_a
Boniteza silvestre
300
_a
40
362
0
_a
2007
440
1
_a
Peirópolis
697
_a
LITERATURA INFANTO
942
_c
BK
999
_c
188084
_d
188084